<?xml version="1.0" encoding="UTF-8"?><?xml-stylesheet type="text/xsl" href="static/style.xsl"?><OAI-PMH xmlns="http://www.openarchives.org/OAI/2.0/" xmlns:xsi="http://www.w3.org/2001/XMLSchema-instance" xsi:schemaLocation="http://www.openarchives.org/OAI/2.0/ http://www.openarchives.org/OAI/2.0/OAI-PMH.xsd"><responseDate>2026-06-06T05:02:01Z</responseDate><request verb="GetRecord" identifier="oai:riuma.uma.es:10630/31341" metadataPrefix="marc">https://riuma.uma.es/rest/oai/request</request><GetRecord><record><header><identifier>oai:riuma.uma.es:10630/31341</identifier><datestamp>2026-02-03T11:44:12Z</datestamp><setSpec>com_10630_2254</setSpec><setSpec>col_10630_37956</setSpec></header><metadata><record xmlns="http://www.loc.gov/MARC21/slim" xmlns:dcterms="http://purl.org/dc/terms/" xmlns:doc="http://www.lyncode.com/xoai" xmlns:xsi="http://www.w3.org/2001/XMLSchema-instance" xsi:schemaLocation="http://www.loc.gov/MARC21/slim http://www.loc.gov/standards/marcxml/schema/MARC21slim.xsd">
   <leader>00925njm 22002777a 4500</leader>
   <datafield ind2=" " ind1=" " tag="042">
      <subfield code="a">dc</subfield>
   </datafield>
   <datafield ind2=" " ind1=" " tag="720">
      <subfield code="a">Nieto Jiménez, José Carlos</subfield>
      <subfield code="e">author</subfield>
   </datafield>
   <datafield ind2=" " ind1=" " tag="260">
      <subfield code="c">2020</subfield>
   </datafield>
   <datafield ind2=" " ind1=" " tag="520">
      <subfield code="a">En este artículo se analizan los principales problemas jurídico-constitucionales surgidos en relación a la conformidad que debe prestar el Gobierno para poder tramitar las proposiciones de ley que impliquen aumentos de los créditos o disminución de los ingresos presupuestarios. El objetivo es, para evitar conflictos de atribuciones entre órganos del Estado, aclarar la regulación contenida en la Constitución y completarla en el caso de los reglamentos parlamentarios. Analizamos la respuesta del Tribunal Constitucional al primer conflicto de atribuciones planteado con base en el artículo 134.6 de la Constitución Española, promovido por el Gobierno contra el Congreso de los Diputados.</subfield>
   </datafield>
   <datafield ind1="8" ind2=" " tag="024">
      <subfield code="a">“El «veto presupuestario» del artículo 134.6 de la Constitución Española como origen de un conflicto entre órganos constitucionales del Estado”, en PÉREZ MIRAS, Antonio; TERUEL LOZANO, Germán M.; RAFFIOTTA, Edoardo C.; IADICICCO, Maria Pia (dirs.) y ROMBOLI, Silvia (coord.) Setenta años de Constitución Italiana y Cuarenta años de Constitución Española, volumen V, Madrid, Agencia Estatal Boletín Oficial del Estado y Centro de Estudios Políticos y Constitucionales, págs. 109-124.</subfield>
   </datafield>
   <datafield ind1="8" ind2=" " tag="024">
      <subfield code="a">978-84-340-2602-5</subfield>
   </datafield>
   <datafield ind1="8" ind2=" " tag="024">
      <subfield code="a">https://hdl.handle.net/10630/31341</subfield>
   </datafield>
   <datafield tag="653" ind2=" " ind1=" ">
      <subfield code="a">Derecho constitucional - España</subfield>
   </datafield>
   <datafield tag="653" ind2=" " ind1=" ">
      <subfield code="a">Poder legislativo</subfield>
   </datafield>
   <datafield tag="653" ind2=" " ind1=" ">
      <subfield code="a">Poder ejecutivo</subfield>
   </datafield>
   <datafield tag="653" ind2=" " ind1=" ">
      <subfield code="a">España. Cortes Generales. Congreso - Reglamentos y procedimiento</subfield>
   </datafield>
   <datafield ind2="0" ind1="0" tag="245">
      <subfield code="a">El «veto presupuestario» del artículo 134.6 de la Constitución Española como origen de un conflicto entre órganos constitucionales del Estado.</subfield>
   </datafield>
</record>
</metadata></record></GetRecord></OAI-PMH>